000 00521nam a2200169 i 4500
001 77170
003 ES-MaACL
005 20230906173114.0
007 t|
008 041007s1944 xxu ||||1| eng d
100 1 _aHalle, Armin.
_961584
245 1 0 _aTanks
_b: an illustred history of fighting vehicles /
_cArmin Halle ; illustrated by Carlo Demand.
260 _aNew York :
_bCrescent Books,
_c[1973]
300 _a175 p. :
_bil. ;
_c31 cm.
700 1 _aDemand, Carlo.
_943615
852 _aES-MaACL
_jC-55869
_bR.88329
999 _c77170
_d77170